01683nam a2200397 a 4500001001200000003000800012006001900020007001500039008004100054010001700095020003100112020002800143040002100171035002100192041001300213050002700226082001500253100003300268240003500301245017200336260005800508300001800566490002800584504005800612533015200670600005100822650005300873650004000926651005800966655002901024700001801053710001701071830005401088856012601142999001701268ebr10300132CaPaEBRm u cr cn|||||||||080904s2009 enk sb 000 0 eng  z 2008039121 z9780199535354 (alk. paper) z0199535353 (alk. paper) aCaPaEBRcCaPaEBR a(OCoLC)4287340091 aenghita14aPQ4642.E21bW53 2009eb04a851/.42221 aTasso, Torquato,d1544-1595.10aGerusalemme liberata.lEnglish14aThe liberation of Jerusalem (Gerusalemme liberata)h[electronic resource] /cTorquato Tasso ; translated by Max Wickert ; with an introduction and notes by Mark Davie. aOxford ;aNew York :bOxford University Press,c2009. axxxvi, 454 p.1 aOxford world's classics aIncludes bibliographical references (p. [xxx]-xxxii). aElectronic reproduction.bPalo Alto, Calif. :cebrary,d2013.nAvailable via World Wide Web.nAccess may be limited to ebrary affiliated libraries.00aGodfrey,cof Bouillon,dca. 1060-1100vPoetry. 0aEpic poetry, ItalianvTranslations into English. 0aCrusadesyFirst, 1096-1099vPoetry. 0aJerusalemxHistoryyLatin Kingdom, 1099-1244vPoetry. 7aElectronic books.2local1 aWickert, Max.2 aebrary, Inc. 0aOxford world's classics (Oxford University Press)40uhttp://site.ebrary.com/lib/rucke/Doc?id=10300132zAn electronic book accessible through the World Wide Web; click to view c66324d66324